Thử tìm hiểu một vài phương pháp gây cười thông qua yếu tố từ vựng trong truyện cười tiếng Anh

Đã lưu trong:
書目詳細資料
主要作者: Nguyễn Thị Quỳnh Hoa.
其他作者: Thái Duy Bảo, PTS (hướng dẫn.), Đinh Thị Minh Hiền (hướng dẫn.)
格式: 圖書
語言:Vietnamese
出版: Đà Nẵng, 1992.
主題:
標簽: 添加標簽
沒有標簽, 成為第一個標記此記錄!
Thư viện lưu trữ: Mạng thư viện Đại học Đà Nẵng
LEADER 01146cmm a2200361 i 4500
001 000044682
003 3090
005 20030508093905.0
008 010313|1992 vm 000 vie
040 |a IRC  |c IRC  |d IRC 
041 0 |a vie 
082 1 4 |a 422  |b NG-H 
100 1 |a Nguyễn Thị Quỳnh Hoa. 
245 0 0 |a Thử tìm hiểu một vài phương pháp gây cười thông qua yếu tố từ vựng trong truyện cười tiếng Anh  |h [Thesis-Luận văn] /  |c Nguyễn Thị Quỳnh Hoa thực hiện ; Thái Duy Bảo, Đinh Thị Minh Hiền hướng dẫn. 
260 |a Đà Nẵng,  |c 1992. 
300 |a 63Tr. ;  |c 31cm. 
630 0 4 |a Anh ngữ. 
630 0 4 |a Ngữ pháp. 
630 0 4 |a Khoá luận. 
630 0 4 |a Từ vựng tiếng Anh. 
650 0 4 |a Anh ngữ  |x Từ ngữ. 
700 1 |a Thái Duy Bảo,  |c PTS,  |e hướng dẫn. 
700 1 |a Đinh Thị Minh Hiền,  |e hướng dẫn. 
OWN |a DUT 
999 |a From the UDN01 
TYP |a Computer file 
TYP |a Monograph 
980 |a Mạng thư viện Đại học Đà Nẵng